|
|
|
|
| LEADER |
01835nam a2200265 a 4500 |
| 001 |
GR-Patra26359 |
| 008 |
080702s2008 gr gz 000 0 gre d |
| 040 |
|
|
|a GrPaTEI
|b gre
|c GR-PaULI
|
| 040 |
|
|
|a GrPaTEI
|b gre
|c GR-PaULI
|
| 100 |
1 |
|
|a Κωνσταντινόπουλος, Ηλίας
|
| 245 |
1 |
0 |
|a Σχεδιασμός και προτάσεις ανάπτυξης της Αχαΐας, σε διαδικασίες αυτοχρηματοδότησης και συμμετοχής σε ευρωπαϊκά προγράμματα ανάπτυξης :
|b περίπτωση αυτοκινητοδρόμιου Χαλανδρίτσας και εναλλακατικών μορφών τουρισμού /
|c Ονοματεπώνυμο σπουδαστών: Ηλίας Κωνσταντινόπουλος, Θεόδωρος Κωνσταντινόπουλος ; Εποπτεύων καθηγητής: Σπυρίδων Ρεπούσης.
|
| 260 |
|
|
|a Πάτρα :
|b ΤΕΙ Πάτρας,
|c 2008
|
| 300 |
|
|
|a 132 σ. :
|b εικ., πιν.
|
| 504 |
|
|
|a Βιβλιογραφία: σ. 132
|
| 650 |
|
4 |
|a Πτυχιακή εργασία
|y 2008
|
| 651 |
|
4 |
|a Αχαΐα
|x Προγράμματα
|x Ευρωπαϊκή Ένωση
|
| 700 |
1 |
|
|a Κωνσταντινόπουλος, Θεόδωρος
|
| 700 |
1 |
|
|a Ρεπούσης, Σπυρίδων
|
| 710 |
0 |
|
|a Σ.Δ.Ο..
|b Τμήμα Επιχειρηματικού Σχεδιασμού και Πληροφοριακών συστημάτων
|
| 710 |
0 |
|
|a ΤΕΙ Πάτρας
|
| 856 |
4 |
0 |
|u https://nereus.library.upatras.gr/formerpat/ptyxiakes/sdo/sdo_esps/2006-2010/5702pe.pdf
|
| 942 |
|
|
|2 ddc
|
| 952 |
|
|
|0 0
|1 0
|2 ddc
|4 0
|7 1
|9 308670
|a LISK
|b LISK
|c BSC
|d 2021-01-17
|e 24
|f 0
|g 0.00
|l 0
|p 9241005702
|r 2021-01-17 00:00:00
|t 1
|w 2021-01-17
|y BKN
|x 20080702 0 0
|x GrPaTEI
|
| 971 |
|
|
|a .b26739318
|b 08-10-20
|c 26-09-16
|
| 999 |
|
|
|c 177853
|d 177853
|